色のつく市区町村 - Statistics

General Stats
  • This quiz has been taken 49 times
  • The average score is 36 of 46
Answer Stats
都道府県 郡名 市町村名 % Correct
青森県 青森市
98%
東京都 島嶼部 青ヶ島村
96%
東京都 特別区 目黒区
93%
富山県 黒部市
93%
北海道 白老郡 白老町
91%
石川県 金沢市
91%
兵庫県 赤穂市
89%
群馬県 みどり市
89%
岩手県 紫波郡 紫波町
89%
宮城県 白石市
89%
青森県 黒石市
89%
大阪府 南河内郡 千早赤阪村
87%
東京都 青梅市
87%
北海道 白糠群 白糠町
87%
石川県 白山市
87%
福岡県 筑紫野市
85%
千葉県 東金市
85%
東京都 小金井市
85%
北海道 赤平市
83%
北海道 川上郡 標茶町
83%
福島県 白河市
83%
岐阜県 大野郡 白川村
83%
福岡県 田川郡 赤村
80%
埼玉県 白岡市
80%
千葉県 白井市
80%
和歌山県 西牟婁郡 白浜町
80%
岡山県 赤磐市
78%
千葉県 大網白里市
78%
岐阜県 加茂群 白川町
78%
徳島県 板野郡 藍住町
78%
岐阜県 加茂郡 東白川村
76%
沖縄県 国頭郡 金武町
76%
北海道 寿都郡 黒松内町
74%
北海道 余市郡 赤井川村
72%
長野県 小県郡 青木村
70%
山形県 最上郡 金山町
70%
福島県 大沼郡 金山町
70%
宮城県 加美郡 色麻町
67%
長野県 北安曇郡 白馬村
65%
奈良県 吉野郡 黒滝村
63%
千葉県 長生郡 白子町
61%
高知県 幡多郡 黒潮町
61%
佐賀県 杵島郡 白石町
59%
岩手県 胆沢郡 金ケ崎町
59%
山形県 西置賜郡 白鷹町
52%
北海道 瀬棚郡 今金町
52%
No matching quizzes found
Score Distribution
Percent of People with Each Score
Percentile by Number Answered
Your Score History
You have not taken this quiz